000 00634nam a2200241Ia 4500
003 OSt
005 20220918190754.0
006 a|||||r|||| 00| 0
007 ta
008 220917b |||||||| |||| 00| 0 eng d
024 _a59,572
037 _cTextual
040 _aARTS
_cARTS
_beng
041 _2eng
_aeng
082 _aQ2:4, K5;L8
100 _aTaimni I K
_922008
245 0 _aGayatri
_b the daily religious practice of the Hindus
250 _a3rd
260 _aMadras
_bTheosophical Pub House
_c1967
650 _aRELIGION
942 _hQ2:4, K5;L8
_cTEXL
_2CC
999 _c186803
_d186803